Psicología para todos: guía completa para el crecimiento personal (Registro nro. 4754)
[ vista simple ]
| 000 -CABECERA | |
|---|---|
| campo de control de longitud fija | 00807aam a2200277 4500 |
| 005 - FECHA Y HORA DE ACTUALIZACIÓN | |
| campo de control | 20170117144814.0 |
| 008 - LONGITUD FIJA | |
| campo de control de longitud fija | 150417b xxu||||| |||| 00| 0 spa d |
| 041 ## - IDIOMA | |
| Código de idioma del texto/pista de sonido o título separado | |
| 082 ## - CLASIFICACIÓN DECIMAL DEWEY | |
| Número de clasificación | 155.2 P974p |
| 245 ## - TÍTULO PROPIAMENTE DICHO | |
| Título | Psicología para todos: guía completa para el crecimiento personal |
| 260 ## - PIE DE IMPRENTA | |
| Lugar de publicación, distribución, etc. | España |
| Nombre del editor, distribuidor, etc. | Océano |
| Fecha de publicación, distribución, etc. | 2009 |
| 300 ## - DESCRIPCIÓN FÍSICA | |
| Extensión | 696 páginas |
| 500 ## - NOTA GENERAL | |
| Nota general | TOMO 3 |
| 650 ## - Materia General | |
| Materia general | PSICOLOGÍA INDIVIDUAL |
| 650 ## - Materia General | |
| Materia general | RELACIONES |
| 650 ## - Materia General | |
| Materia general | ESTRÉS |
| 650 ## - Materia General | |
| Materia general | DOLOR |
| 650 ## - Materia General | |
| Materia general | EVALUACIÓN DE PSICOLOGÍA |
| 650 ## - Materia General | |
| Materia general | CONDUCTA EN SOCIEDAD |
| 650 ## - Materia General | |
| Materia general | INFLUENCIA DE GRUPO |
| 650 ## - Materia General | |
| Materia general | VIOLENCIA |
| 650 ## - Materia General | |
| Materia general | SOLIDARIDAD |
| 650 ## - Materia General | |
| Materia general | EXPERIENCIA DEL DOLOR |
| 650 ## - Materia General | |
| Materia general | SOMETIZACIONES |
| 942 ## - Punto de Acceso Adicional Koha | |
| Tipo de ítem Koha | Libro |
| Estado perdido | Estado dañado | No para préstamo | Biblioteca permanente | Biblioteca actual | Signatura completa | Código de barras | Precio efectivo a partir del | Tipo de ítem |
|---|---|---|---|---|---|---|---|---|
| Departamento de Biblioteca y Documentación Alfonso Chase Brenes | Departamento de Biblioteca y Documentación Alfonso Chase Brenes | 155.2 P974p | 1806 | 18/01/2017 | Libro | |||
| Departamento de Biblioteca y Documentación Alfonso Chase Brenes | Departamento de Biblioteca y Documentación Alfonso Chase Brenes | 155.2 P974p | 1807 | 18/10/2021 | Libro |